00729nas a2200217Ia 4500001001100000003000900011008004100020040001300061040001300074041001300087100004400100210003700144222003700181245008300218250001100301260002600312501008600338300001700424362002700441650004300468R111/44661IT-RoPAU151124c99999999xx |||||||||||| ||und|| aIT-RoPAU cIT-RoPAU aITALIANO aMoles AbrahamgCodice Aut. SPICS: 3668 aCOMUNICAZIONE DI MASSA (SUGARCO) aComunicazione Di Massa (Sugarco) aCOMUNICAZIONE DI MASSA (SUGARCO), ANNO 01-VOL.2 (1980)bTelevisione E Societa' a1a ed. aMILANObSUGARCOc1980 bPaulus - SPICS - Società San Paolo EM (non-commercial uses only)cCopyright2015 a14 p. [7-20] aANNO 001, VOL.2 (1980) aCOMUNICAZIONEvPUBBLICAZIONE PERIODICA